000 00583nam a2200241Ia 4500
003 OSt
005 20221005114406.0
006 a|||||r|||| 00| 0
007 ta
008 221004b |||||||| |||| 00| 0 mar d
024 _a47383
037 _cTextual
040 _aCRL
_cCRL
_bmar
041 _2mar
_amar
082 _aO155,3M94,1, 31J6
100 _aFatke
_9625915
245 0 _aAsha
260 _c1956
300 _a328
_ccm.
650 _aMARATHI LITERATURE
_938000
942 _hO155,3M94,1, 31J6
_cTEXL
_2cc
999 _c1031202
_d1031202